[Event "Queima das Fitas op"]
[Site "Coimbra"]
[Date "2024.04.25"]
[Round "1"]
[White "Melo, Ricardo Jorge Do Na"]
[Black "Garcia Dorado, Alberto"]
[Result "0-1"]
[WhiteElo "1663"]
[BlackElo "2218"]
[PlyCount "98"]
[EventDate "2024.04.25"]
[EventType "swiss"]
[EventRounds "7"]
[EventCountry "POR"]
[SourceTitle "CB18_2024"]
[SourceDate "2024.05.01"]
[SourceVersion "1"]
[SourceVersionDate "2024.05.01"]
[SourceQuality "2"]

1. d4 Nf6 2. c4 e6 3. Nc3 Bb4 4. a3 Bxc3+ 5. bxc3 d5 6. Bg5 0-0 7. cxd5 exd5 8. Bxf6 Qxf6 9. e3 Nc6 10. Bd3 Ne7 11. Ne2 Bf5 12. Ng3 Bg6 13. 0-0 Qe6 14. Re1 Bxd3 15. Qxd3 f5 16. f3 Qg6 17. Ne2 c6 18. c4 Qf7 19. cxd5 Nxd5 20. Nc3 Rad8 21. Nxd5 Qxd5 22. Rac1 f4 23. Qc4 fxe3 24. Qxd5+ Rxd5 25. Rxe3 Rfd8 26. Re7 R8d7 27. Rce1 Rxd4 28. R1e3 Kf8 29. R7e5 R4d5 30. Re8+ Kf7 31. R8e4 Rd4 32. Re5 g6 33. Rc5 Rd3 34. Rxd3 Rxd3 35. Ra5 a6 36. Kf2 Rd2+ 37. Kg3 Ke6 38. Ra4 c5 39. Re4+ Kd7 40. Rh4 h5 41. Rf4 b5 42. Rf6 Rd6 43. Rf7+ Kc6 44. Kf4 b4 45. axb4 cxb4 46. Rf8 Kc7 47. h4 b3 48. Rf7+ Rd7 49. Rf6 b2 0-1

[Event "ESP-ch Rapid"]
[Site "Linares"]
[Date "2023.08.19"]
[Round "2"]
[White "Garcia Dorado, Alberto"]
[Black "Moreno Trujillo, Alejandro"]
[Result "1-0"]
[WhiteElo "2221"]
[BlackElo "2489"]
[PlyCount "47"]
[EventDate "2023.08.19"]
[EventType "swiss (rapid)"]
[EventRounds "10"]
[EventCountry "ESP"]
[SourceTitle "CBM 215 Extra"]
[Source "ChessBase"]
[SourceDate "2023.09.30"]
[SourceVersion "1"]
[SourceVersionDate "2023.09.30"]
[SourceQuality "1"]

1. d4 Nf6 2. c4 e6 3. Nc3 Bb4 4. Qc2 0-0 5. e4 d5 6. e5 Ne4 7. Bd3 f5 8. exf6 Nxf6 9. Nf3 c5 10. a3 Ba5 11. dxc5 d4 12. b4 dxc3 13. bxa5 Qxa5 14. 0-0 Nc6 15. Re1 e5 16. Bg5 e4 17. Bxe4 Nxe4 18. Qxe4 Bf5 19. Qd5+ Kh8 20. Be7 Rfe8 21. Qxf5 Rxe7 22. Ng5 g6 23. Qf6+ Rg7 24. Ne6 1-0

[Event "ESP-ch Rapid"]
[Site "Linares"]
[Date "2023.08.19"]
[Round "3"]
[White "Matnadze, Ana"]
[Black "Garcia Dorado, Alberto"]
[Result "1-0"]
[WhiteElo "2402"]
[BlackElo "2221"]
[PlyCount "77"]
[EventDate "2023.08.19"]
[EventType "swiss (rapid)"]
[EventRounds "10"]
[EventCountry "ESP"]
[SourceTitle "CBM 215 Extra"]
[Source "ChessBase"]
[SourceDate "2023.09.30"]
[SourceVersion "1"]
[SourceVersionDate "2023.09.30"]
[SourceQuality "1"]

1. d4 Nf6 2. Nf3 d5 3. g3 c5 4. c4 cxd4 5. Bg2 h6 6. 0-0 Nc6 7. Nxd4 e5 8. Nxc6 bxc6 9. Nc3 Be6 10. Qa4 Qd7 11. Rd1 Rd8 12. Be3 Be7 13. b4 0-0 14. Bc5 Qc7 15. cxd5 Nxd5 16. Nxd5 Bxd5 17. Rac1 Bxc5 18. Rxc5 Bxg2 19. Kxg2 Rxd1 20. Qxd1 Rd8 21. Qc2 Qb7 22. a3 Rd6 23. Rxe5 Qd7 24. Qe4 Re6 25. Rxe6 fxe6 26. h4 Kf7 27. h5 Kg8 28. f4 Kf8 29. Kf3 Kg8 30. g4 Kh8 31. Qd3 Qe7 32. Ke4 Qh4 33. Qf3 Qf6 34. Kd3 Qb2 35. Kc4 Qc2+ 36. Kd4 Qd1+ 37. Kc5 Qd8 38. Qxc6 Qf6 39. Qe8+ 1-0

[Event "Madrid-chT Honor 2223"]
[Site "Madrid"]
[Date "2023.01.15"]
[Round "5.2"]
[White "Garcia Dorado, Alberto"]
[Black "Adan Bermudez, Sergio"]
[Result "0-1"]
[WhiteElo "2264"]
[BlackElo "2344"]
[PlyCount "154"]
[EventDate "2022.11.20"]
[EventType "team-tourn"]
[EventRounds "14"]
[EventCountry "ESP"]
[SourceTitle "EXT 2024"]
[Source "ChessBase"]
[SourceDate "2023.10.10"]
[SourceVersion "1"]
[SourceVersionDate "2023.10.10"]
[SourceQuality "1"]
[WhiteTeam "Alcorcon Diagonal"]
[BlackTeam "Villalba 64"]
[WhiteTeamCountry "ESP"]
[BlackTeamCountry "ESP"]

1. d4 Nf6 2. c4 e6 3. Nc3 Bb4 4. Qc2 c5 5. dxc5 Na6 6. a3 Qa5 7. Bd2 Nxc5 8. f3 Bxc3 9. Bxc3 Qa4 10. Qxa4 Nxa4 11. Bd4 d6 12. 0-0-0 e5 13. Bf2 Be6 14. e4 Ke7 15. b3 Nc5 16. Kb2 Rhc8 17. Bd3 Nfd7 18. Bc2 Rcb8 19. a4 b5 20. cxb5 a6 21. b4 Nb7 22. Ne2 a5 23. Be1 Nb6 24. Bb3 axb4 25. Bxe6 Nxa4+ 26. Kb3 Nbc5+ 27. Kxb4 Kxe6 28. Bc3 Rb7 29. Rb1 Rab8 30. Kc4 Nb6+ 31. Kb4 Nbd7 32. Kc4 Rc8 33. Kb4 Nd3+ 34. Kb3 Rxb5+ 35. Kc2 Nb4+ 36. Kd2 Rcb8 37. Rxb4 Rxb4 38. Bxb4 Rxb4 39. g4 Rb2+ 40. Ke3 Rb3+ 41. Kf2 Nc5 42. Rd1 Nd3+ 43. Kg3 Ra3 44. h4 f6 45. h5 g6 46. hxg6 hxg6 47. Kg2 f5 48. gxf5+ gxf5 49. exf5+ Kxf5 50. Ng3+ Kf4 51. Nh5+ Ke3 52. Kg3 Ke2 53. Rb1 d5 54. Nf6 Nf4 55. Rb2+ Ke1 56. Ng4 Re3 57. Nf2 Re2 58. Rb1+ Kd2 59. Rb5 Kc3 60. Ng4 Kc4 61. Ra5 Nd3 62. Nf6 Nc5 63. f4 e4 64. Ng4 d4 65. Ne5+ Kb4 66. Nc6+ Kc4 67. Ne5+ Kd5 68. Nd7 Rc2 69. Nf6+ Kc4 70. f5 e3 71. Ng4 e2 72. Ra1 Nd3 73. f6 Kb5 74. f7 Rc8 75. Kf3 e1Q 76. Rxe1 Nxe1+ 77. Ke4 Kc4 0-1

[Event "Madrid Alcorcon op 1st"]
[Site "Madrid"]
[Date "2022.12.27"]
[Round "4"]
[White "Martinez Fernandez, Raul"]
[Black "Garcia Dorado, Alberto"]
[Result "1-0"]
[WhiteElo "2176"]
[BlackElo "2264"]
[PlyCount "55"]
[EventDate "2022.12.26"]
[EventType "swiss"]
[EventRounds "9"]
[EventCountry "ESP"]
[SourceTitle "CBM 212 Extra"]
[Source "ChessBase"]
[SourceDate "2023.03.31"]
[SourceVersion "1"]
[SourceVersionDate "2023.03.31"]
[SourceQuality "1"]

1. e4 e6 2. d4 d5 3. Nc3 Bb4 4. e5 c5 5. a3 Bxc3+ 6. bxc3 Qa5 7. Bd2 Qa4 8. Nf3 b6 9. Be2 Ba6 10. 0-0 Ne7 11. Be3 Nd7 12. Bxa6 Qxa6 13. a4 Nc6 14. Ng5 cxd4 15. cxd4 h6 16. Qh5 Nd8 17. f4 g6 18. Qh3 Qe2 19. Rf2 Qh5 20. Qxh5 gxh5 21. Nf3 f5 22. c4 dxc4 23. Rc2 Rc8 24. Rac1 Nb8 25. Nd2 Nb7 26. Nxc4 Kd7 27. d5 exd5 28. Nxb6+ 1-0

[Event "Madrid Alcorcon op 1st"]
[Site "Madrid"]
[Date "2022.12.26"]
[Round "1"]
[White "Garcia Dorado, Alberto"]
[Black "Bartolome Benito, Alejandro"]
[Result "1-0"]
[WhiteElo "2264"]
[BlackElo "1610"]
[PlyCount "91"]
[EventDate "2022.12.26"]
[EventType "swiss"]
[EventRounds "9"]
[EventCountry "ESP"]
[SourceTitle "CBM 212 Extra"]
[Source "ChessBase"]
[SourceDate "2023.03.31"]
[SourceVersion "1"]
[SourceVersionDate "2023.03.31"]
[SourceQuality "1"]

1. d4 Nf6 2. c4 b6 3. f3 Nc6 4. Nc3 d5 5. cxd5 Nxd5 6. e4 Nxc3 7. bxc3 e5 8. Qa4 Bd7 9. Bb5 Nb8 10. dxe5 Bc5 11. Bf4 c6 12. Be2 b5 13. Qc2 Qb6 14. Kf1 Na6 15. Bd3 Nc7 16. Bg3 Ne6 17. Nh3 Nd8 18. Nf4 Ne6 19. Ke2 a5 20. Rhd1 a4 21. Kf1 0-0 22. Nxe6 Bxe6 23. Bf2 Rfd8 24. f4 Rxd3 25. Rxd3 Bc4 26. Rad1 Rd8 27. Bh4 Rd7 28. Ke1 Bg1 29. Rf3 Rxd1+ 30. Kxd1 Qc7 31. Bf2 Bxf2 32. Rxf2 c5 33. Qd2 h6 34. a3 Qc6 35. Qe3 Qd7+ 36. Rd2 Qe7 37. Rd6 Qh4 38. h3 g5 39. Qf3 h5 40. Rh6 Bb3+ 41. Kd2 g4 42. Qxg4+ hxg4 43. Rxh4 b4 44. Rxg4+ Kf8 45. cxb4 cxb4 46. axb4 1-0

[Event "Leca da Palmeira op"]
[Site "Leca da Palmeira"]
[Date "2022.08.01"]
[Round "3"]
[White "Perez Candelario, Manuel"]
[Black "Garcia Dorado, Alberto"]
[Result "1/2-1/2"]
[WhiteElo "2578"]
[BlackElo "2206"]
[PlyCount "152"]
[EventDate "2022.07.31"]
[EventType "swiss"]
[EventRounds "9"]
[EventCountry "POR"]
[SourceTitle "CBM 209 Extra"]
[Source "ChessBase"]
[SourceDate "2022.09.30"]
[SourceVersion "1"]
[SourceVersionDate "2022.09.30"]
[SourceQuality "1"]

1. e4 e6 2. d4 d5 3. Nc3 dxe4 4. Nxe4 Nd7 5. Nf3 Ngf6 6. Nxf6+ Nxf6 7. c3 c5 8. Be3 Qc7 9. Bb5+ Bd7 10. Bxd7+ Nxd7 11. d5 exd5 12. Qxd5 Nf6 13. Qe5+ Qxe5 14. Nxe5 Nd5 15. Bd2 f6 16. Nc4 0-0-0 17. a4 Bd6 18. 0-0-0 Nb6 19. Nxb6+ axb6 20. Kc2 Kc7 21. Rhe1 Rhe8 22. h3 Kc6 23. c4 Rxe1 24. Rxe1 Ra8 25. b3 f5 26. h4 Kd7 27. Re3 Re8 28. Rf3 Rf8 29. h5 Be5 30. Rd3+ Kc6 31. Rd5 Bd6 32. b4 g6 33. b5+ Kc7 34. a5 bxa5 35. Bxa5+ Kd7 36. hxg6 hxg6 37. Bb6 Rc8 38. Rd1 g5 39. f3 Ke6 40. Rd5 Be7 41. g4 fxg4 42. fxg4 Rf8 43. Bc7 Rf2+ 44. Rd2 Rf1 45. Re2+ Kd7 46. Be5 Rg1 47. Re4 Bd6 48. Kb3 b6 49. Bf6 Bf4 50. Re7+ Kc8 51. Re6 Kc7 52. Rc6+ Kb7 53. Bd8 Rb1+ 54. Ka2 Rb4 55. Rxb6+ Kc8 56. Be7 Rxc4 57. Rc6+ Kb7 58. Rxc5 Re4 59. Bxg5 Bc7 60. Kb3 Rxg4 61. Bd2 Rg3+ 62. Kc4 Rg4+ 63. Kb3 Rg3+ 64. Kc2 Rh3 65. Rd5 Rh8 66. Be3 Re8 67. Rd3 Rd8 68. Ra3 Bb6 69. Bd2 Rd5 70. Rb3 Bc5 71. Ba5 Bb6 72. Be1 Bc5 73. Rb1 Kb6 74. Kc3 Be3 75. Kc4 Rc5+ 76. Kd3 Rxb5 1/2-1/2

[Event "POR-chT"]
[Site "Ovar"]
[Date "2022.07.16"]
[Round "1.4"]
[White "Garcia Dorado, Alberto"]
[Black "Santos, Luis M"]
[Result "1-0"]
[WhiteElo "2206"]
[BlackElo "2261"]
[PlyCount "93"]
[EventDate "2022.07.16"]
[EventType "team-tourn"]
[EventRounds "9"]
[EventCountry "POR"]
[SourceTitle "CBM 209 Extra"]
[Source "ChessBase"]
[SourceDate "2022.09.30"]
[SourceVersion "1"]
[SourceVersionDate "2022.09.30"]
[SourceQuality "1"]
[WhiteTeam "Coimbra"]
[BlackTeam "Sao Miguel"]
[WhiteTeamCountry "POR"]
[BlackTeamCountry "POR"]

1. d4 c5 2. d5 g6 3. c4 e5 4. Nc3 d6 5. e4 h5 6. Be2 Bh6 7. Bxh6 Rxh6 8. Qd2 Kf8 9. 0-0-0 Nd7 10. g3 Kg7 11. f4 Qe7 12. Nf3 a6 13. Ng5 Rh8 14. f5 gxf5 15. exf5 Ndf6 16. Rdf1 Bd7 17. Ne6+ fxe6 18. Qg5+ Kf8 19. fxe6 Qg7 20. Qxg7+ Kxg7 21. exd7 Rd8 22. Rf2 Rxd7 23. Rhf1 Re7 24. Rf5 Rh6 25. Bd3 Rg6 26. R5f2 Rg4 27. Be2 Rg5 28. Kd2 Rg6 29. Rf5 Nh6 30. R5f2 Nhg4 31. Bxg4 Nxg4 32. Re2 Rf6 33. Rxf6 Nxf6 34. h3 Kg6 35. a4 Rg7 36. Ke3 Kf7 37. Kf3 Rg5 38. Re3 Rf5+ 39. Kg2 Kg6 40. Nd1 b5 41. axb5 axb5 42. Re2 e4 43. Ne3 Re5 44. cxb5 Nxd5 45. Nc4 Re6 46. b6 Nb4 47. b7 1-0

[Event "Madrid-ch sf"]
[Site "Madrid"]
[Date "2022.05.07"]
[Round "4"]
[White "Lopez Herrero, Israel"]
[Black "Garcia Dorado, Alberto"]
[Result "0-1"]
[WhiteElo "1824"]
[BlackElo "2220"]
[PlyCount "94"]
[EventDate "2022.05.04"]
[EventType "swiss"]
[EventRounds "9"]
[EventCountry "ESP"]
[SourceTitle "EXT 2023"]
[Source "ChessBase"]
[SourceDate "2022.10.05"]
[SourceVersion "1"]
[SourceVersionDate "2022.10.05"]
[SourceQuality "1"]

1. e4 d5 2. exd5 Nf6 3. Nf3 Nxd5 4. d4 g6 5. c4 Nb6 6. Nc3 Bg7 7. Be2 0-0 8. 0-0 Nc6 9. Be3 Bg4 10. d5 Bxf3 11. Bxf3 Ne5 12. Bxb6 axb6 13. Be2 Re8 14. f4 Nd7 15. a4 Bxc3 16. bxc3 e6 17. Bf3 Nc5 18. Ra3 e5 19. fxe5 Rxe5 20. d6 Qxd6 21. Qxd6 cxd6 22. Rb1 Ra6 23. Rd1 Re6 24. Rb1 Re7 25. Rd1 Rd7 26. Rda1 Ra5 27. Rb1 Ra6 28. Rba1 Rd8 29. Bd5 Kf8 30. a5 Rda8 31. Rf1 f5 32. g4 Kg7 33. gxf5 gxf5 34. Ra2 Rxa5 35. Rxa5 bxa5 36. Rxf5 a4 37. Rf7+ Kg6 38. Rf2 a3 39. Ra2 Kf5 40. Kg2 Ne4 41. Bxb7 Ra7 42. Bc8+ Ke5 43. Bg4 Nxc3 44. Ra1 Kd4 45. Bf5 a2 46. Kf2 Kxc4 47. Ke1 Kb3 0-1

[Event "Salamanca Unamuno Cup"]
[Site "Salamanca"]
[Date "2021.12.05"]
[Round "4"]
[White "Alvarez Etxarri, Aimar"]
[Black "Garcia Dorado, Alberto"]
[Result "0-1"]
[WhiteElo "1941"]
[BlackElo "2212"]
[PlyCount "96"]
[EventDate "2021.12.03"]
[EventType "swiss"]
[EventRounds "9"]
[EventCountry "ESP"]
[SourceTitle "EXT 2023"]
[Source "ChessBase"]
[SourceDate "2022.10.05"]
[SourceVersion "1"]
[SourceVersionDate "2022.10.05"]
[SourceQuality "1"]

1. e4 e6 2. d3 d5 3. Nd2 c5 4. Ngf3 Nc6 5. g3 Bd6 6. Bg2 Nge7 7. 0-0 0-0 8. Nh4 Bd7 9. f4 f5 10. Re1 Be8 11. c3 Bf7 12. e5 Bc7 13. Rb1 Qd7 14. Kh1 Kh8 15. Nb3 b6 16. d4 cxd4 17. cxd4 a5 18. a4 Nb4 19. Na1 Be8 20. b3 b5 21. axb5 Qxb5 22. Bf1 Qb7 23. Ba3 Bb5 24. Rc1 Bxf1 25. Rxf1 Rfc8 26. Qd2 Bb6 27. Nf3 Nec6 28. Rc3 Bd8 29. Rfc1 Be7 30. Qb2 Qa6 31. Qd2 h6 32. Kg2 Kh7 33. h3 Qb7 34. g4 g6 35. Qb2 Na7 36. Bxb4 axb4 37. Rxc8 Nxc8 38. Nc2 Na7 39. Nce1 Nb5 40. Ra1 Rc8 41. Nd3 Rc3 42. Nc5 Bxc5 43. dxc5 d4 44. Qf2 Qe4 45. Re1 Qxf4 46. gxf5 gxf5 47. Ra1 d3 48. Ra2 Qe4 0-1

[Event "Salamanca Unamuno Cup"]
[Site "Salamanca"]
[Date "2021.12.05"]
[Round "5"]
[White "Garcia Dorado, Alberto"]
[Black "Ponce Cano, Adrian"]
[Result "1/2-1/2"]
[WhiteElo "2212"]
[BlackElo "2174"]
[PlyCount "50"]
[EventDate "2021.12.03"]
[EventType "swiss"]
[EventRounds "9"]
[EventCountry "ESP"]
[SourceTitle "EXT 2023"]
[Source "ChessBase"]
[SourceDate "2022.10.05"]
[SourceVersion "1"]
[SourceVersionDate "2022.10.05"]
[SourceQuality "1"]

1. e4 c5 2. Nf3 a6 3. c3 d5 4. exd5 Qxd5 5. d4 Nf6 6. dxc5 Qxc5 7. Be3 Qc7 8. Bd3 Nc6 9. Nbd2 Bg4 10. h3 Bd7 11. 0-0 e6 12. Nc4 Nd5 13. Re1 b5 14. Be4 Nxe3 15. Nxe3 Be7 16. Qc2 g6 17. Rad1 0-0 18. Nd4 Nxd4 19. Rxd4 Rad8 20. Red1 Bc6 21. Bxc6 Qxc6 22. Qe2 Qc8 23. Qc2 Qc6 24. Qe2 Qc8 25. Qc2 Qc6 1/2-1/2

[Event "Figueira da Foz op 15th"]
[Site "Figueira da Foz"]
[Date "2021.11.02"]
[Round "4"]
[White "Sousa, Joao Francisco Silv"]
[Black "Garcia Dorado, Alberto"]
[Result "0-1"]
[WhiteElo "1942"]
[BlackElo "2219"]
[PlyCount "86"]
[EventDate "2021.10.31"]
[EventType "swiss"]
[EventRounds "9"]
[EventCountry "POR"]
[SourceTitle "CBM 205 Extra"]
[Source "ChessBase"]
[SourceDate "2022.01.31"]
[SourceVersion "1"]
[SourceVersionDate "2022.01.31"]
[SourceQuality "1"]

1. e4 c5 2. Nf3 d6 3. d4 cxd4 4. Nxd4 Nf6 5. Nc3 Nc6 6. h3 a6 7. Be3 Bd7 8. g4 Nxd4 9. Qxd4 e5 10. Qd2 Bc6 11. Bg2 b5 12. 0-0 b4 13. Nd5 Nxd5 14. exd5 Bb5 15. Rfe1 h5 16. g5 Be7 17. f4 exf4 18. Bxf4 a5 19. Re4 0-0 20. Rae1 Re8 21. Bf3 g6 22. h4 Bf8 23. Rxe8 Bxe8 24. c4 bxc3 25. bxc3 Qc8 26. Kg2 Bd7 27. Rc1 Qc4 28. Be2 Qe4+ 29. Bf3 Qf5 30. Bg3 Rb8 31. Qc2 Qh3+ 32. Kf2 a4 33. Bg2 Qf5+ 34. Qxf5 Bxf5 35. Re1 a3 36. Re2 Rb2 37. Ke3 Bb1 38. Be1 Bxa2 39. Bd2 Bc4 40. Re1 a2 41. Be4 Bg7 42. Ra1 Be5 43. Rc1 Rxd2 0-1

[Event "Figueira da Foz op 14th"]
[Site "Figueira da Foz"]
[Date "2020.10.30"]
[Round "8"]
[White "Dias, Paulo Jorge Guimara"]
[Black "Garcia Dorado, Alberto"]
[Result "1/2-1/2"]
[WhiteElo "2338"]
[BlackElo "2181"]
[PlyCount "103"]
[EventDate "2020.10.24"]
[EventType "swiss"]
[EventRounds "9"]
[EventCountry "POR"]
[SourceTitle "CBM 199 Extra"]
[Source "ChessBase"]
[SourceDate "2021.01.31"]
[SourceVersion "1"]
[SourceVersionDate "2021.01.31"]
[SourceQuality "1"]

1. d4 d5 2. c4 e6 3. Nc3 Bb4 4. Nf3 Nf6 5. Bg5 dxc4 6. e4 c5 7. Bxc4 cxd4 8. Nxd4 Qa5 9. Bb5+ Bd7 10. Bxf6 Bxb5 11. Ndxb5 gxf6 12. 0-0 a6 13. Nd6+ Ke7 14. Nc4 Qc7 15. Qb3 Bc5 16. Na4 Nd7 17. Rac1 b5 18. Nxc5 bxc4 19. Rxc4 Nxc5 20. Qa3 Rhc8 21. Rfc1 Qd6 22. Rxc5 Rxc5 23. Qxc5 Qxc5 24. Rxc5 Rd8 25. Rc7+ Kf8 26. Kf1 Rd2 27. Rb7 Kg7 28. h4 a5 29. a4 Rd4 30. b3 Rd2 31. Rb5 Rb2 32. g3 e5 33. f4 Kg6 34. fxe5 fxe5 35. Rxe5 Rxb3 36. Rxa5 Rb2 37. Ra8 Rb4 38. Ke2 Rxe4+ 39. Kd3 f5 40. a5 Kg7 41. Ra7+ Kh6 42. Rf7 Kg6 43. Rf8 Ra4 44. Ra8 Kh5 45. a6 Ra3+ 46. Kc4 Rxg3 47. Kb4 Rg1 48. Rh8 Ra1 49. Rxh7+ Kg6 50. Ra7 f4 51. Ra8 f3 52. Rf8 1/2-1/2

[Event "ESP-chT CECLUB Div2"]
[Site "Linares"]
[Date "2020.08.25"]
[Round "3.3"]
[White "Garcia Dorado, Alberto"]
[Black "Alvarez Serrano, Carlos"]
[Result "0-1"]
[WhiteElo "2182"]
[BlackElo "2206"]
[PlyCount "84"]
[EventDate "2020.08.24"]
[EventType "team-tourn"]
[EventRounds "6"]
[EventCountry "ESP"]
[SourceTitle "CBM 198 Extra"]
[Source "ChessBase"]
[SourceDate "2020.11.30"]
[SourceVersion "1"]
[SourceVersionDate "2020.11.30"]
[SourceQuality "1"]
[WhiteTeam "Getafe"]
[BlackTeam "Albacete Excalibur"]
[WhiteTeamCountry "ESP"]
[BlackTeamCountry "ESP"]

1. d4 Nf6 2. c4 e6 3. Nc3 Bb4 4. e3 d5 5. Qa4+ Nc6 6. Bd2 0-0 7. Nf3 Bd7 8. Qc2 a6 9. a3 Be7 10. Bd3 dxc4 11. Bxc4 Bd6 12. 0-0 e5 13. dxe5 Nxe5 14. Nxe5 Bxe5 15. Bd3 Bc6 16. f4 Bd6 17. b4 Re8 18. Rad1 Qe7 19. Rfe1 Ne4 20. Nxe4 Bxe4 21. Bc3 Qe6 22. Bxe4 Qxe4 23. Qxe4 Rxe4 24. Rd4 Rae8 25. Kf2 f5 26. Rxe4 Rxe4 27. Rd1 Kf7 28. Bd4 g6 29. g3 Ke6 30. Ke2 b6 31. Rc1 Kd5 32. Rd1 Kc6 33. Kd3 Kb5 34. g4 c5 35. gxf5 gxf5 36. bxc5 bxc5 37. Rb1+ Kc6 38. Bc3 c4+ 39. Kd2 Bc5 40. Re1 Kd5 41. a4 Re6 42. Be5 Rxe5 0-1

[Event "EU-ch Online U2300 Qual"]
[Site "Chess.com INT"]
[Date "2020.05.25"]
[Round "4"]
[White "Kett, Timothy"]
[Black "Garcia Dorado, Alberto"]
[Result "0-1"]
[WhiteElo "2178"]
[BlackElo "2175"]
[PlyCount "84"]
[EventDate "2020.05.25"]
[EventType "swiss"]
[EventRounds "8"]
[EventCountry "NET"]
[SourceTitle "EXT 2021"]
[Source "ChessBase"]
[SourceDate "2020.10.23"]
[SourceVersion "1"]
[SourceVersionDate "2020.10.23"]
[SourceQuality "1"]

1. e4 d5 2. exd5 Nf6 3. c4 c6 4. d4 cxd5 5. Nc3 Nc6 6. Nf3 e6 7. Bd3 dxc4 8. Bxc4 Be7 9. 0-0 0-0 10. Bg5 b6 11. d5 Na5 12. Be2 Nxd5 13. Nxd5 Bxg5 14. Nxg5 exd5 15. Nf3 Be6 16. Nd4 Rc8 17. f4 Nc4 18. Bxc4 dxc4 19. f5 Bd5 20. f6 gxf6 21. Nf5 Kh8 22. Rf4 Rg8 23. g3 Be6 24. Nd6 Rc6 25. Rd4 Qe7 26. Qd2 Rg5 27. Rd1 Kg7 28. Ne4 Re5 29. Qf4 Bf5 30. Nd6 Bg6 31. Nxc4 Re1+ 32. Rxe1 Qxe1+ 33. Kg2 Qe2+ 34. Kh3 Rc5 35. g4 h5 36. Ne3 Re5 37. Nf5+ Bxf5 38. gxf5 Re3+ 39. Kh4 Qe1+ 40. Kxh5 Rh3+ 41. Kg4 Rh4+ 42. Kf3 Rxf4+ 0-1

[Event "EU-ch Online U2300 Qual"]
[Site "Chess.com INT"]
[Date "2020.05.25"]
[Round "1"]
[White "Samadov, Read"]
[Black "Garcia Dorado, Alberto"]
[Result "1-0"]
[WhiteElo "2332"]
[BlackElo "2175"]
[PlyCount "65"]
[EventDate "2020.05.25"]
[EventType "swiss"]
[EventRounds "8"]
[EventCountry "NET"]
[SourceTitle "EXT 2021"]
[Source "ChessBase"]
[SourceDate "2020.10.23"]
[SourceVersion "1"]
[SourceVersionDate "2020.10.23"]
[SourceQuality "1"]

1. d4 d5 2. c4 e6 3. Nc3 Nf6 4. cxd5 exd5 5. Bg5 Be7 6. e3 c6 7. Bd3 Nbd7 8. Nge2 Nh5 9. Bxe7 Qxe7 10. Qc2 g6 11. g4 Nhf6 12. h3 Nb6 13. Ng3 h5 14. g5 Nh7 15. h4 Bg4 16. Be2 Bxe2 17. Qxe2 0-0-0 18. 0-0-0 Nf8 19. Rhe1 Ne6 20. f4 Nc4 21. f5 Nc7 22. e4 Rhe8 23. e5 Qb4 24. Qc2 Kb8 25. Qb3 Qxb3 26. axb3 Nb6 27. e6 fxe6 28. fxg6 Rh8 29. Nce2 Ne8 30. Nf4 Ng7 31. Nxe6 Nxe6 32. Rxe6 Rdf8 33. g7 1-0

[Event "EU-ch Online U2300 Qual"]
[Site "Chess.com INT"]
[Date "2020.05.25"]
[Round "6"]
[White "Tsirulnik, Maritsa"]
[Black "Garcia Dorado, Alberto"]
[Result "0-1"]
[WhiteElo "2139"]
[BlackElo "2175"]
[PlyCount "74"]
[EventDate "2020.05.25"]
[EventType "swiss"]
[EventRounds "8"]
[EventCountry "NET"]
[SourceTitle "EXT 2021"]
[Source "ChessBase"]
[SourceDate "2020.10.23"]
[SourceVersion "1"]
[SourceVersionDate "2020.10.23"]
[SourceQuality "1"]

1. d4 d5 2. c4 e6 3. g3 Nf6 4. Bg2 Be7 5. Nf3 dxc4 6. 0-0 Nc6 7. Nc3 Rb8 8. a4 a6 9. e3 0-0 10. Ne5 Nxe5 11. dxe5 Nd7 12. f4 Nc5 13. Qe2 Qd3 14. Rd1 Qxe2 15. Nxe2 Bd7 16. Nc3 Rfd8 17. Kf2 Be8 18. Ke2 f5 19. Bf3 g5 20. e4 fxe4 21. Nxe4 Nxe4 22. Rxd8 Nxg3+ 23. hxg3 Bxd8 24. Be3 gxf4 25. gxf4 Be7 26. Rg1+ Bg6 27. f5 exf5 28. Bd5+ Kf8 29. Bxc4 Rd8 30. Bh6+ Ke8 31. Be3 Bh5+ 32. Kf2 Bg4 33. Kg3 h5 34. Kf4 Kf8 35. Be6 Kg7 36. Rc1 c6 37. Rc4 Kg6 0-1

[Event "Madrid-chT 1920 Honor"]
[Site "Madrid"]
[Date "2020.03.01"]
[Round "11.5"]
[White "Garcia Dorado, Alberto"]
[Black "Suarez Uriel, Adrian"]
[Result "1/2-1/2"]
[WhiteElo "2170"]
[BlackElo "2354"]
[PlyCount "52"]
[EventDate "2019.11.24"]
[EventType "team-tourn"]
[EventRounds "12"]
[EventCountry "ESP"]
[SourceTitle "EXT 2021"]
[Source "ChessBase"]
[SourceDate "2020.10.23"]
[SourceVersion "1"]
[SourceVersionDate "2020.10.23"]
[SourceQuality "1"]
[WhiteTeam "Getafe"]
[BlackTeam "Collado Villalba"]
[WhiteTeamCountry "ESP"]
[BlackTeamCountry "ESP"]

1. d4 Nf6 2. c4 g6 3. g3 c5 4. Nf3 cxd4 5. Nxd4 d5 6. Bg2 e5 7. Nf3 d4 8. 0-0 Nc6 9. e3 d3 10. Nc3 Bf5 11. e4 Nxe4 12. Nxe4 Bxe4 13. Nxe5 Bxg2 14. Re1 Be7 15. Nxc6 Bxc6 16. Bg5 f6 17. Bxf6 0-0 18. Bxe7 Qd4 19. Bxf8 Rxf8 20. Re3 Qxb2 21. Qf1 d2 22. Rd1 Ba4 23. Rd3 Bxd1 24. Qxd1 Qxa2 25. Qxd2 Qxc4 26. Rd7 Rf7 1/2-1/2

[Event "Lisbon Portugal rapid 2op"]
[Site "Lisbon"]
[Date "2020.02.02"]
[Round "2"]
[White "Ferreira, Hugo Miguel da Cost"]
[Black "Garcia Dorado, Alberto"]
[Result "1-0"]
[WhiteElo "2109"]
[BlackElo "2167"]
[PlyCount "59"]
[EventDate "2020.01.02"]
[EventType "swiss (rapid)"]
[EventRounds "8"]
[EventCountry "POR"]
[SourceTitle "CBM 194 Extra"]
[Source "ChessBase"]
[SourceDate "2020.03.31"]
[SourceVersion "1"]
[SourceVersionDate "2020.03.31"]
[SourceQuality "1"]

1. d4 Nf6 2. c4 e6 3. Nf3 d5 4. g3 dxc4 5. Ne5 Qd5 6. Nf3 Nc6 7. Bg2 Bd7 8. 0-0 Rb8 9. Nc3 Qh5 10. e4 Bb4 11. Qe2 0-0 12. Bf4 Ba5 13. Qxc4 Bxc3 14. bxc3 Nxe4 15. Bxc7 Rbc8 16. Bf4 Nf6 17. Qd3 Na5 18. Ne5 Ng4 19. Nxg4 Qxg4 20. Bf3 Qf5 21. Be4 Qh3 22. Bg2 Qh5 23. Bf3 Bb5 24. Qe3 Qf5 25. Be4 Qf6 26. Bg5 Nc4 27. Qc1 Nd6 28. Bxh7+ Kh8 29. Bxf6 gxf6 30. Qh6 1-0